| 000 | 00367nam a2200145Ia 4500 | ||
|---|---|---|---|
| 008 | 150201s2010 xx 000 0 und d | ||
| 082 |
_a616.0757 _bS10S |
||
| 100 | _aSINGH, KULDEEP | ||
| 245 | _aSTEP BY STEP ULTRASOUND IN GYNECOLOGY | ||
| 250 | _a2ND | ||
| 260 |
_bJAYPEE BROTHERS _aDELHI _c2010 |
||
| 300 | _a1-184 | ||
| 650 | _aRADIOLOGY & DIAGNOSIS | ||
| 942 |
_2ddc _cBK |
||
| 999 |
_c23 _d23 |
||